000 01629nam a22003617a 4500
001 00002345
003 DO-SdBNP
005 20180314105158.0
007 00002345
008 160509b 2009 dr a xxu||||| |||| 00| 0 spa d
020 _a9789945171969
040 _aBPMSU
_bspa
_cBPMSU
082 _a373.54
_bQ69e 1ro. 2009
245 1 0 _aQuímica 1:
_beducación media /
_cAna Cañas Cortázar ... [et al.] ; coordinación Cristiana Amiama Espaillat ; dirección editorial Luis Miguel Aguas Vanin ; ilustración Henry Cid ... [et al].
260 _aSanto Domingo :
_bSM ;
_c2009
300 _a143 p. :
_bil. ;
_c28 cm.
490 1 _aProyecto saber más
505 _gUnidad 1
_tMateria y energía --
_gUnidad 2
_tClasificación y estructura de la materia --
_gUnidad 3
_tAgrupación de átomos --
_gUnidad 4
_tFórmulas y funciones químicas --
_gUnidad 5
_tLas mezclas --
_gUnidad 6
_t Reacciones químicas --
_gUnidad 7
_tProcesos químicos relevantes --
_tDicionario cienfífico --
_tTabla periódica.
650 4 _aQUÍMICA
_xENSEÑANZA SECUNDARIA
650 4 _aQUÍMICA
_xEDUCACIÓN SECUNDARIA
650 4 _aQUÍMICA
_xESTUDIOS Y EJERCICIOS
650 4 _aQUÍMICA
_xLIBROS DE TEXTOS
650 4 _aEDUCACIÓN SECUNDARIA
_zREPÚBLICA DOMINICANA
700 1 _aCañas Cortázar, Ana
700 1 _aAguas Vanin, Luis Miguel,
_eed.
700 1 _aCid, Henry,
_eil.
700 1 _aAmiama Espaillat, Cristina
_eed.
830 0 _pProyecto saber más
910 _aValidado. Control de calidad MFF
942 _2ddc
_cBK
945 _aRemanejado para la BNPHU, 2018 / BT
956 _2LOPEREZ
_310
_620160905
_8BPMSU
_a00041
999 _c10036
_d10036